Indie Games Ultimate Quiz - Statistics

General Stats
  • This quiz has been taken 286 times
  • The average score is 10 of 20
Answer Stats
Picture Answer % Correct
Basket Random
100%
Bendy and the Ink Machine
100%
Bloons
100%
Cave Story
100%
Devotion
100%
Doge Miner
100%
Faith: The Unholy Trinity
100%
Fez
100%
Garry's Mod
100%
Geometry Dash
100%
Hyper Light Drifter
100%
Imscared: A Pixelated Nightmare
100%
Learn To Fly
100%
Midnight Monitor: Anomaly Watch
100%
Rocket League
100%
Signalis
100%
Slime Rancher
100%
Spiritfarer
100%
Starbound
100%
Subnautica
100%
Superliminal
100%
Telling Lies
100%
The Henry Stickmin Collection
100%
The Mortuary Assistant
100%
They Bleed Pixels
100%
Timberborn
100%
Trees Hate You
100%
Helltaker
93%
Path of Exile
92%
Clair Obscur: Expedition 33
91%
To The Moon
91%
Anton Blast
86%
False Dream
85%
Little Nightmares
84%
The Binding of Isaac
82%
Braid
81%
Tunic
81%
OneShot
80%
Webfishing
79%
Dead by Daylight
78%
Guacamelee!
77%
Close Your Eyes
75%
Hotline Miami
75%
Lacey's Flash Games
75%
Outer Wilds
75%
Poppy Playtime
75%
The Stanley Parable
75%
Doki Doki Literature Club
73%
Gorilla Tag
73%
Prison Architect
73%
Heaven's Vault
71%
We Become What We Behold
71%
Zeran's Folly
71%
Brotato
70%
Shantae
69%
Phasmophobia
68%
Ao Oni
67%
Baseball Bros
67%
Castle Crashers
67%
Cozy Grove
67%
Cry of Fear
67%
Death's Door
67%
The Deadseat
67%
The Forest
67%
Astral Ascent
64%
Start Survey?
64%
Tattletail
64%
Wordle
64%
Achievement Unlocked
63%
Return of the Obra Dinn
63%
Among Us
60%
Eastshade
60%
Untitled Goose Game
58%
Do Not Take This Cat Home
56%
Hollow Knight
56%
Gacha Life
55%
The Beginner's Guide
54%
Axiom Verge
53%
Kentucky Route Zero
53%
Raft
53%
Baba is You
50%
Blasphemous
50%
Factorio
50%
Final Fantasy Sonic X
50%
Finding Frankie
50%
Five Nights at Freddy's
50%
Friday Night Funkin'
50%
Garden Story
50%
Her Story
50%
Human: Fall Flat
50%
I Am Bread
50%
Ice Scream
50%
Iconoclasts
50%
KinitoPET
50%
My Friendly Neighborhood
50%
My Voice Zoo
50%
Octodad
50%
Oxenfree
50%
Palworld
50%
Pathologic
50%
PEAK
50%
RimWorld
50%
Save the Shapes
50%
Spelunky
50%
Stardew Valley
50%
Terraria
50%
The Artful Escape
50%
The Unfinished Swan
50%
Totally Accurate Battle Simulator
50%
Night Of The Consumers
47%
Overcooked
47%
Hello Neighbor
46%
Kick the Buddy
45%
Stick With It
45%
The Pedestrian
45%
Kindergarten
43%
Coffee Talk
42%
Jump King
42%
Dark Pals
41%
BIT.TRIP
40%
BLOODMONEY!
40%
Gunfire Reborn
40%
Risk of Rain
40%
ULTRAKILL
40%
VVVVVV
40%
Captured
38%
R.E.P.O.
38%
Dead Cells
37%
Hellblade: Senua's Sacrifice
36%
Shinkansen 0
36%
My Friend Pedro
35%
A Dance of Fire and Ice
33%
Animal Well
33%
Anodyne
33%
Bastion
33%
Deltarune
33%
Everhood
33%
Hades
33%
Human Resource Machine
33%
Inside
33%
Joyville
33%
Katana ZERO
33%
Riddle School
33%
Rust
33%
September 1999
33%
Slay the Spire
33%
SOMA
33%
Super Meat Boy
33%
The Man from the Window
33%
The Messenger
33%
The Witness
33%
Treasure Tiger
33%
Unpacking
33%
Spooky's House of Jumpscares
31%
Genshin Impact
30%
Mutazione
30%
Choo-Choo Charles
29%
The Exit 8
29%
There Is No Game
29%
Clover Pit
27%
Corpse Party
25%
Disco Elysium
25%
Incredibox
25%
Jazzpunk
25%
Nuclear Throne
25%
Yooka-Laylee
25%
FTL: Faster Than Light
24%
Frostpunk
20%
Slay the Princess
20%
That's Not My Neighbor
20%
The Bridge
20%
The Battle Cats
19%
Lethal Company
18%
Fears To Fathom
17%
Inscryption
14%
A Dark Room
13%
Balatro
7%
1v1.lol
0%
20 Minutes Till Dawn
0%
A Hat in Time
0%
Akinator
0%
Amanda the Adventurer
0%
Amnesia: The Dark Descent
0%
Anatomy
0%
Andy's Apple Farm
0%
Antichamber
0%
Ark: Survival Evolved
0%
A Short Hike
0%
Bad Parenting
%
Baldi's Basics
0%
Banished
0%
BattleBlock Theater
0%
Beat Saber
0%
Beware the Shadowcatcher
0%
BitLife
0%
Blade & Sorcery
0%
Blumgi Slime
0%
Buckshot Roulette
%
Burger & Frights
0%
Celeste
0%
Class of '09
0%
Click To Continue
0%
Compound
0%
Content Warning
0%
Cookie Clicker
0%
Cooking Companions
0%
Crimson Fantasia
0%
Crossy Road
0%
Cuphead
0%
Customer Support
0%
Dark Deception
0%
Darkest Dungeon
0%
Darkwood
0%
Detention
0%
Don't Starve
0%
Doodle Jump
0%
Dorfromantik
0%
Dredge
0%
Duck Life
0%
Enter the Gungeon
%
Escape the Backrooms
0%
Everything
0%
Fall Guys
0%
Fireboy and Watergirl
0%
Firewatch
0%
Flappy Bird
0%
Freedom Planet
0%
Frozen Synapse
0%
Gang Beasts
0%
Gartic Phone
%
Getting Over It
0%
Gone Home
0%
Gorogoa
0%
Go to Bed
%
Granny
0%
Gris
0%
High On Life
0%
Hyper Light Breaker
0%
Ib
0%
Idle Breakout
%
I'm On Observation Duty
0%
Indigo Park
0%
Infinite Craft
0%
Into The Breach
0%
Iron Lung
%
Journey
0%
Just Shapes & Beats
0%
Keylocker
0%
Lake
0%
Limbo
0%
Madness Combat
0%
Melon Sandbox
0%
Milk inside a bag of milk...
0%
Milkman Karlson
0%
Minecraft
%
Misao
0%
Mouthwashing
0%
Mr. Hopp's Playhouse
0%
Mr. Tomatos
0%
Ms. LemonS
0%
MURDER
%
My Singing Monsters
0%
Night in the Woods
0%
Northgard
0%
OFF
0%
OMORI
0%
Only Up!
0%
Opus Magnum
0%
Ori and the Blind Forest
0%
OvO
0%
Owlboy
0%
Oxygen Not Included
0%
Papers, Please
0%
Pico's School
0%
Pizza Tower
0%
Plague Inc.
0%
PlayerUnknown's Battlegrounds
0%
Proteus
0%
QWOP
0%
Rain World
0%
Retro Bowl
0%
Rogue Legacy
0%
Run
0%
Salt and Sanctuary
0%
Scary Maze Game
0%
SCP: Containment Breach
0%
Shovel Knight
%
Slender: The Eight Pages
0%
Slope
0%
Snow Rider 3D
0%
Stories Untold
%
Stray
0%
SUPERHOT
0%
The Baby in Yellow
0%
The Cat Lady
0%
The Coffin of Andy and Leyley
0%
The Escapists
0%
The Fish's Tale
0%
The Impossible Quiz
0%
The Pathless
0%
The Swapper
0%
The Talos Principle
0%
The Vermander Curse
0%
Thirty Flights of Loving
%
Touhou Project
0%
Transistor
%
Undertale
0%
Vampire Survivors
0%
Vex
0%
What Remains of Edith Finch
0%
World Of Goo
0%
Yume Nikki
0%
Zombie Party
0%
No matching quizzes found
Score Distribution
Percent of People with Each Score
Percentile by Number Answered
Your Score History
You have not taken this quiz